| 000 | 00596nam a2200217 4500 | ||
|---|---|---|---|
| 003 | OSt | ||
| 005 | 20260601171002.0 | ||
| 008 | 260422b1968\\\\enka||||\||||\00|\0\eng\d | ||
| 040 |
_aICI _bspa _cICI |
||
| 050 |
_aTS149 _bM38 |
||
| 100 | 1 |
_aMayall, W H _931657 |
|
| 245 | 1 | _aMachines and perception in Industrial Design | |
| 264 |
_bStudio vista _c1968 _a London |
||
| 300 | _a96 páginas | ||
| 336 |
_atexto _2rdacontent |
||
| 337 |
_asin medio _2rdamedia |
||
| 338 |
_avolumen _2rdacarrier |
||
| 650 |
_a Diseño industrial _915218 |
||
| 650 |
_a Diseño industrial _915218 |
||
| 942 |
_2lcc _cB _n1 |
||
| 999 |
_c20133 _d20133 |
||